000 00413nam a22001697a 4500
005 20230117123125.0
008 190918b xxu||||| |||| 00| 0 eng d
020 _a81-256-70-64-7
041 _aeng
082 _a615.1
_bSUR-T
100 _aSURESH, DR. B.
245 _aA TEXT BOOK OF PHARMACOLOGY
260 _aDELHI
_bBIRLA PUBLICATION
300 _a264p,
650 _aPHARMACY
_xD.PHARMA
_97090
942 _cBK
999 _c6008
_d6006